000 00289nam a2200109Ia 4500
001 1263266
005 20260417141901.0
008 260417s9999 xx 000 0 und d
020 _a9789752893849
245 0 _aKırmızı Küpeler Babil Kulesi
_cOrhan Kemal
260 _bEverest Yayınları
999 _c1263266
_d1263266